书目信息 |
| 题名: |
界面化学基础
|
|
| 作者: | 朱〓瑶 编著 | |
| 分册: | ||
| 出版信息: | 北京 化学工业出版社 1996 |
|
| 页数: | 379页 | |
| 开本: | 32开 | |
| 丛书名: | ||
| 单 册: | ||
| 中图分类: | O647.11 | |
| 科图分类: | ||
| 主题词: | 物理化学 , 量子化学 | |
| 电子资源: | ||
| ISBN: | 7-5025-1749-9 | |
| 000 | 00608nam0 2200217 45 | |
| 001 | 0111191446 | |
| 005 | 20031219104051.6 | |
| 010 | @a7-5025-1749-9@dCNY25.00 | |
| 100 | @a20011119d1996 km y0chiy0120 ea | |
| 101 | 0 | @achi |
| 105 | @a z 000yy | |
| 200 | 1 | @a界面化学基础@AJie Mian Hua Xue Ji Chu@f朱〓瑶,赵振国编著@FZhu〓Yao,Zhao Zhen Guo Bian Zhu |
| 210 | @a北京@c化学工业出版社@d1996 | |
| 215 | @a379页@d32开 | |
| 393 | @a〓=[王 步] | |
| 606 | 0 | @a物理化学 |
| 606 | 0 | @a量子化学 |
| 690 | @aO647.11@v4 | |
| 701 | @a朱〓瑶@4编著 | |
| 801 | @aCN@bTSTC@c20011119 | |
| 905 | @f7@b300917-923@dO647.11@e7 | |
| 界面化学基础/朱〓瑶,赵振国编著.-北京:化学工业出版社,1996 |
| 379页;32开 |
| ISBN 7-5025-1749-9:CNY25.00 |
| ● |
| 相关链接 |
|
|
|
|
正题名:界面化学基础
索取号:O647.11/7
 
预约/预借
| 序号 | 登录号 | 条形码 | 馆藏地/架位号 | 状态 | 备注 |
| 1 | 0300917 | 203009172 | 第三借阅区/ [索取号:O647.11/7] | 在馆 | |
| 2 | 0300918 | 203009181 | 第三借阅区/ [索取号:O647.11/7] | 在馆 | |
| 3 | 0300919 | 203009190 | 第三借阅区/ [索取号:O647.11/7] | 在馆 | |
| 4 | 0300920 | 203009207 | 第三借阅区/ [索取号:O647.11/7] | 在馆 | |
| 5 | 0300921 | 203009216 | 第三借阅区/ [索取号:O647.11/7] | 在馆 | |
| 6 | 0300922 | 203009225 | 第三借阅区/ [索取号:O647.11/7] | 在馆 | |
| 7 | 0300923 | 203009234 | 第二样本阅览室/ [索取号:O647.11/7] | 在馆 |